Berufliche Qualifikation als Chance: Ausbildungsmöglichkeiten für Strafgefangene; Tagung vom 25.-27.2.85 in Bad Boll
| Körperschaft: | |
|---|---|
| Medienart: | Druck Buch |
| Sprache: | Deutsch |
| Veröffentlicht: |
Bad Boll
1985
|
| In: |
Protokolldienst / Evangelische Akademie Bad Boll (1985,31)
Jahr: 1985 |
| Bestand in Tübingen: | In Tübingen vorhanden. IFK: P IV 362 |
| Verfügbarkeit prüfen: | HBZ Gateway |
| Subito Bestelldienst: | Jetzt bestellen. |
| Schlagwörter: |
MARC
| LEADER | 00000cam a22000002c 4500 | ||
|---|---|---|---|
| 001 | 1111322023 | ||
| 003 | DE-627 | ||
| 005 | 20251204011540.0 | ||
| 007 | tu | ||
| 008 | 941005s1985 xx ||||| 00| ||ger c | ||
| 035 | |a (DE-627)1111322023 | ||
| 035 | |a (DE-576)041322029 | ||
| 035 | |a (DE-599)BSZ041322029 | ||
| 035 | |a (OCoLC)311814773 | ||
| 035 | |a (DE-604)803510225x | ||
| 040 | |a DE-627 |b ger |c DE-627 |e rakwb | ||
| 041 | |a ger | ||
| 084 | |a 1 |2 ssgn | ||
| 245 | 0 | 0 | |a Berufliche Qualifikation als Chance |b Ausbildungsmöglichkeiten für Strafgefangene; Tagung vom 25.-27.2.85 in Bad Boll |
| 264 | 1 | |a Bad Boll |c 1985 | |
| 300 | |a 110 S. | ||
| 336 | |a Text |b txt |2 rdacontent | ||
| 337 | |a ohne Hilfsmittel zu benutzen |b n |2 rdamedia | ||
| 338 | |a Band |b nc |2 rdacarrier | ||
| 490 | 1 | |a Protokolldienst / Evangelische Akademie Bad Boll |v 1985,31 | |
| 583 | 1 | |a Archivierung prüfen |c 20200919 |f DE-640 |z 3 |2 pdager | |
| 583 | 1 | |a Archivierung/Langzeitarchivierung gewährleistet |f PEBW |h DE-24 |x XA-DE-BW |2 pdager |5 DE-21 | |
| 583 | 1 | |a Archivierung/Langzeitarchivierung gewährleistet |f SSG |x XA-DE-BW |2 pdager |5 DE-21 | |
| 655 | 7 | |a Konferenzschrift |y 1985 |z Boll, Göppingen |0 (DE-588)1071861417 |0 (DE-627)826484824 |0 (DE-576)433375485 |2 gnd-content | |
| 689 | 0 | 0 | |d s |0 (DE-588)4069342-9 |0 (DE-627)106103679 |0 (DE-576)209176504 |a Berufsbildung |2 gnd |
| 689 | 0 | 1 | |d s |0 (DE-588)4057788-0 |0 (DE-627)104540796 |0 (DE-576)209123710 |a Strafgefangener |2 gnd |
| 689 | 0 | |5 (DE-627) | |
| 710 | 2 | |a Evangelische Akademie Bad Boll |0 (DE-588)2009805-4 |0 (DE-627)101669119 |0 (DE-576)191646687 |4 oth | |
| 810 | 2 | |a Evangelische Akademie Bad Boll |t Protokolldienst / Evangelische Akademie Bad Boll |v 1985,31 |9 1985,31 |w (DE-627)129306045 |w (DE-576)014502011 |w (DE-600)124261-1 |x 0170-5970 |7 am | |
| 951 | |a BO | ||
| ELC | |b 1 | ||
| LOK | |0 000 xxxxxcx a22 zn 4500 | ||
| LOK | |0 001 2239856505 | ||
| LOK | |0 003 DE-627 | ||
| LOK | |0 004 1111322023 | ||
| LOK | |0 005 20020607000000 | ||
| LOK | |0 008 941005||||||||||||||||ger||||||| | ||
| LOK | |0 040 |a DE-21-110 |c DE-627 |d DE-21-110 | ||
| LOK | |0 852 |a DE-21-110 | ||
| LOK | |0 852 1 |c P IV 362 |m p |9 00 | ||
| LOK | |0 935 |a k110 | ||
| LOK | |0 936ln |a 12.1 | ||
| LOK | |0 938 |k p | ||
| LOK | |0 939 |a 05-10-94 |b l01 | ||
| ORI | |a SA-MARC-krimdoka001.raw | ||
| SIG | |a IFK: P IV 362 | ||
| TIM | |a 100019850101_100019851231 |b 1985 - 1985 | ||
